00689nam a2200205 i 450000100060000000300090000600500170001500700030003200800410003510000400007624500420011625000130015826000380017130000200020950000430022965000390027285200280031199900170033995201270035656927ES-MaACL20230906163458.0t|031014s1909 fr ||||1| fre d1 aDiehl, Charles (d1859-1914)94458810aFigures byzantines / cCharles Diehl. a4eme ed. aParís : bPaul Brodard, c1909. a2 v. ; c19 cm. aEl V. II pertenece a la 2ª ed., 1908. 4aBizantinos-xBiografías.9158884 aES-MaACLjG-15298-15299 c56927d56927 00104070aATENEOMbATENEOMcSPP3d2008-01-17eSCl0oG-15298-15299p1059781r2023-02-23 00:00:00w2023-02-23yMONOGRAFIA